| 000 | 00402nam a22001577a 4500 | ||
|---|---|---|---|
| 005 | 20240109150528.0 | ||
| 008 | 190606b xxu||||| |||| 00| 0 eng d | ||
| 020 | _a978-81-85-790-12-1 | ||
| 041 | _aeng | ||
| 100 | _aKASTURE,DR. A.V AND WADODKAR ,DR. S. G. | ||
| 245 | _aPHARMACEUTICAL CHEMISTRY- I | ||
| 250 | _a7th ed. 2019 | ||
| 260 |
_aPUNE _bNIRALI PRAKASHAN |
||
| 300 | _aB. 1 p. | ||
| 942 | _cBK | ||
| 999 |
_c5956 _d5954 |
||